000 00432pab a2200169 454500
008 180718b2017 xxu||||| |||| 00| 0 eng d
100 _aYadav, Preeti
245 _aNutritional problems among children in urban slum area
260 _c2017
300 _ap.349-362.
650 _aSlums
650 _aChildren
650 _aNutritional disease
700 _aDubey, Birendra Narain
773 _aMan in India
909 _a115816
999 _c115810
_d115810